10 Largest Cities in France - Statistics

General Stats
  • This quiz has been taken 83 times
  • The average score is 8 of 10
Answer Stats
Population Answer % Correct
2.133.111 Paris
100%
522.250 Lyon
97%
873.076 Marseille
96%
348.085 Nice
88%
261.804 Bordeaux
86%
236.710 Lille
83%
504.078 Toulouse
77%
323.204 Nantes
73%
291.313 Strasbourg
70%
302.454 Montpellier
58%
No matching quizzes found
Score Distribution
Percent of People with Each Score
Percentile by Number Answered
Your Score History
You have not taken this quiz